000 00286nam a22001337a 4500
008 170620b xxu||||| |||| 00| 0 eng d
020 _a9780679755104
041 _aeng
080 _a94
100 _a20
101 _aSH
245 _aOUT OF OREDER
_cPATTERSON.TH.E
942 _2udc
_cBK
999 _c18311
_d18311